000 00443nam a2200169Ia 4500
003 LK-CoDNM
008 010623t1990 xxu||||| |||| 00| 1 sin d
040 _aLK-CoDNM
_dLK-CoDNM
_eLK-CoDNM
041 _asin
080 _a32
_bABE
100 _aAbeysingha,W.A
245 _aබ්‍රිතාන්‍ය ආණ්ඬු කර්මය
246 _aBrithnya Andukramaya
260 _b
_c1990
300 _b148p.;18 cm cm
942 _cBK
999 _c114829
_d114829